000 00720nam a2200229 4500
003 OSt
005 20230907135805.0
006 k|||||r|||| 00| zz
008 708 R549v
040 _cLado V
082 _a750
_bJ32e
100 _91042
_aMcClellan, Douglas
245 _aEspecies en peligro/
246 _aEndangered Species/
260 _bMuseo de arte y Diseño Contemporaneo
_aCosta Rica
_c1999
300 _a5p.
_c21x19cm
650 _2Tesauro de Arte & Arquitectura
_aARTE
_9702
650 _2Tesauro de Arte & Arquitectura
_aTEORÍA
_9702
650 _2Tesauro de Arte & Arquitectura
_aPINTURA
650 _2Tesauro de Arte & Arquitectura
_aARTE CONTEMPORANEO
942 _2ddc
_c1
_h750
_iJ32e
_n0
999 _c4303
_d4303